01459cam a2200145 i 4500999001500000020002600015100001500041245009600056250001100152260004700163300004600210490002700256942001400283952101600297 c7187d7187 a9789866228339cNT$3001 a原,利夫10a生男生女決定寶典 : b<日本不孕症權威>大公開 c原利夫著 ; 黃薇嬪譯 a初版 a臺北市 : b采實文化, c民101[2012] a187面 : b部份彩圖, 表 ; c21公分0 a兩性學系列 ; v1. 2cclcBOOK 00102ccl4070ayeezenbyeezend2021-02-24l2m1o429.1pC02772r2022-07-26 00:00:00s2022-07-11w2021-02-24yBOOKz受孕不能只靠努力,生男生女不是只靠運氣,「排卵日」、「性愛體位」、「高潮」、「基礎體溫」,才是決定寶寶性別的關鍵!日本科學研究「性別生育法」,專門治療「不孕症」的醫學生育博士告訴你,最先進、安全的受孕技巧,生男生女你決定!   喝不完的包生男中藥帖、傳統觀念的壓力,讓你喘不過氣來嗎?本書將「海外排卵理論」變成「決定寶寶性別」的生育技巧。為各位夫妻提供最正確的懷孕觀念,無論是第一次懷孕、或是想懷第二胎的女性都很受用。做愛沒有避孕,可是卻已經超過2年沒有懷孕,是那裡出了錯?進行「性別生育法」前,那些是「女人要準備」、「男人要了解」的事?想要準確生男生女,做愛時採取什麼體位法最好?不孕症權威知道。